Statistics for F2 drivers promoted to F1

Click here to take the quiz!

General Stats

  • This quiz has been taken 208 times
  • The average score is 19 of 44

Answer Stats

HintAnswer% Correct
2007-presentLewis Hamilton
91%
2019-presentLando Norris
89%
2018–presentCharles Leclerc
88%
2019-presentGeorge Russell
87%
2021-presentMick Schumacher
86%
2019-2020Alex Albon
82%
2021-presentYuki Tsunoda
82%
2021-presentNikita Mazepin
78%
2022Guanyu Zhou
77%
2017–presentPierre Gasly
75%
2020-presentNicholas Latifi
72%
2006-2016Nico Rosberg
67%
2009, 2012–2020Romain Grosjean
61%
2011–presentSergio Pérez
60%
2010, 2012–2019, 2020Nico Hülkenberg
58%
2017, 2019-presentAntonio Giovinazzi
43%
2018Sergey Sirotkin
42%
2016–2018Stoffel Vandoorne
36%
2017–2018Brendon Hartley
35%
2014–2017Marcus Ericsson
35%
2020Jack Aitken
34%
2016–2017Jolyon Palmer
32%
2011–2015Pastor Maldonado
32%
2013–2014Jules Bianchi
30%
2004, 2008–2012Timo Glock
30%
2009–2011Sebastien Buemi
27%
2015–2016Felipe Nasr
25%
2007-2013Heikki Kovalainen
25%
2012–2013Charles Pic
23%
2013-2014Max Chilton
23%
2010–2012Bruno Senna
22%
2008–2009Nelson Piquet, Jr.
22%
2009–2012, 2014Kamui Kobayashi
21%
2016Rio Haryanto
20%
2010–2012Vitaly Petrov
20%
2010Lucas Di Grassi
19%
2013–2014, 2016Esteban Gutiérrez
17%
2013Giedo van der Garde
14%
2015Alexander Rossi
13%
2011–2012Jérôme d'Ambrosio
13%
2007–2009Kazuki Nakajima
13%
2006–2007Scott Speed
13%
2010Karun Chandhok
11%
2006-2007,2010Sakon Yamamoto
11%

Score Distribution

Percentile by Number Answered

Percent of People with Each Score

Your Score History

You have not taken this quiz